The autobiography of Bertrand Russell (1914-1944)

Guardado en:
Bibliografiske detaljer
Hovedforfatter: Russell, Bertrand
Format: Bog
Sprog:Undetermined
Udgivet: New York, Estados Unidos Bantam Books 1969
Fag:
Tags: Tilføj Tag
Ingen Tags, Vær først til at tagge denne postø!

MARC

LEADER 00000nam a2200000Ia 4500
008 170316s9999 xx 000 0 und d
090 |a 100 R-48aut 
100 |a Russell, Bertrand 
245 4 |a The autobiography of Bertrand Russell (1914-1944) 
260 |a New York, Estados Unidos 
260 |b Bantam Books 
260 |c 1969 
300 |a 406 páginas 
650 |a FILOSOFÍA 
650 |a AUTOBIOGRAFÍA - BERTRAND RUSSELL 
999 |c 17501  |d 17501 
040 |a cru BVZT 
942 |c 15 D  |h 100 R-48aut  |2 z